000 00535nam a2200169 a 4500
001 18184
005 20180713211431.0
008 140415s1994 mx 000 0 spa d
041 _aspa
082 _a332.024009
_bBAN
100 1 _aBANCO INTERAMERICANO DE DESARROLLO
245 1 0 _aANTONIO ORTIZ MENA :
_bPENSAMIENTO Y ACCION AL FRENTE DEL BANCO INTERAMERICANO DE DESARROLLO, 1971-1978
250 _a1a ed.
260 _aMEXICO :
_bBANCO INTERAMERICANO DE DESARROLLO,
_c1994
300 _a133
650 1 4 _aBANQUEROS
999 _c18184
_d18184